[Event "POL-chT 65th"]
[Site "Lublin"]
[Date "2009.09.16"]
[Round "5.23"]
[White "Lubczynski, Rafal"]
[Black "Motyka, Michal"]
[Result "1/2-1/2"]
[WhiteElo "2425"]
[BlackElo "2370"]
[PlyCount "77"]
[EventDate "2009.09.12"]
[EventType "team-tourn"]
[EventRounds "9"]
[EventCountry "POL"]
[SourceTitle "EXT 2019"]
[Source "ChessBase"]
[SourceDate "2018.10.10"]
[SourceVersion "1"]
[SourceVersionDate "2018.10.10"]
[SourceQuality "1"]
[WhiteTeam "Wroclaw Polonia"]
[BlackTeam "Dankowice Pasjonat"]
[WhiteTeamCountry "POL"]
[BlackTeamCountry "POL"]

1. d4 Nf6 2. c4 e6 3. Nf3 b6 4. g3 Bb7 5. Bg2 c6 6. 0-0 Be7 7. Qc2 d5 8. Rd1 0-0 9. Nbd2 Na6 10. Ne5 Rc8 11. e4 Rc7 12. a3 c5 13. exd5 exd5 14. dxc5 Nxc5 15. cxd5 Bxd5 16. Ndc4 Qa8 17. Bxd5 Nxd5 18. b4 Ne6 19. b5 a6 20. Nc6 Bf6 21. Rxd5 axb5 22. N4e5 Bxe5 23. Rxe5 Rxc6 24. Qb2 Rd6 25. Be3 Qf3 26. Qxb5 Rfd8 27. Re1 f6 28. Rf5 Qe4 29. Qb1 Rd3 30. Rb5 Qf3 31. Qa2 R8d6 32. Rxb6 Rxe3 33. Rb8+ Kf7 34. fxe3 Kg6 35. Qf2 Ng5 36. Qxf3 Nxf3+ 37. Kf2 Nxe1 38. Kxe1 Rd3 39. Kf2 1/2-1/2

[Event "Pobeskydy ArcelorMittal op"]
[Site "Frydek Mistek"]
[Date "2009.04.13"]
[Round "9"]
[White "Motyka, Michal"]
[Black "Cyfka, Karina"]
[Result "1/2-1/2"]
[WhiteElo "2394"]
[BlackElo "2288"]
[PlyCount "46"]
[EventDate "2009.04.09"]
[EventType "swiss"]
[EventRounds "9"]
[EventCountry "CZE"]
[SourceTitle "CBM 129 Extra"]
[Source "ChessBase"]
[SourceDate "2009.05.05"]
[SourceVersion "2"]
[SourceVersionDate "2009.05.20"]
[SourceQuality "1"]

1. e4 c6 2. d4 d5 3. e5 Bf5 4. Ne2 e6 5. Ng3 Bg6 6. c4 dxc4 7. Bxc4 Ne7 8. 0-0 h5 9. Bg5 Qb6 10. Nc3 Nd7 11. Bb3 Nf5 12. Nxf5 Bxf5 13. h3 Be7 14. Bxe7 Kxe7 15. Qd2 Rh6 16. Qg5+ Kf8 17. Rad1 Bxh3 18. Ne2 Bf5 19. Ng3 Qd8 20. f4 Bg4 21. Rd2 Nb6 22. Ne4 Rg6 23. Qxd8+ Rxd8 1/2-1/2

[Event "Pobeskydy ArcelorMittal op"]
[Site "Frydek Mistek"]
[Date "2009.04.12"]
[Round "8"]
[White "Mikrut, Dariusz"]
[Black "Motyka, Michal"]
[Result "0-1"]
[WhiteElo "2394"]
[BlackElo "2394"]
[PlyCount "90"]
[EventDate "2009.04.09"]
[EventType "swiss"]
[EventRounds "9"]
[EventCountry "CZE"]
[SourceTitle "CBM 129 Extra"]
[Source "ChessBase"]
[SourceDate "2009.05.05"]
[SourceVersion "2"]
[SourceVersionDate "2009.05.20"]
[SourceQuality "1"]

1. d4 Nf6 2. c4 e6 3. Nf3 b6 4. Nc3 Bb7 5. Bg5 Bb4 6. Nd2 h6 7. Bh4 0-0 8. e3 d5 9. cxd5 exd5 10. Bd3 Be7 11. 0-0 c5 12. Nf3 Nbd7 13. Qe2 Ne4 14. Bxe7 Qxe7 15. Rac1 a6 16. dxc5 Nxc3 17. bxc3 Nxc5 18. Nd4 Rfc8 19. Bf5 Rc7 20. c4 dxc4 21. Rxc4 g6 22. Bb1 a5 23. Rd1 Rd8 24. Rcc1 Rcd7 25. Qg4 Kh7 26. h4 f5 27. Qg3 Be4 28. Kh2 Qf6 29. Bxe4 Nxe4 30. Qf4 g5 31. hxg5 hxg5 32. Qf3 Qe5+ 33. g3 g4 34. Qg2 Ng5 35. Rh1 Kg7 36. Kg1 Nh3+ 37. Rxh3 gxh3 38. Qxh3 Kg6 39. Rb1 Qf6 40. Qg2 Rh8 41. Rc1 Rd6 42. Qf3 Qe5 43. Rc6 Rxc6 44. Qxc6+ Qf6 45. Ne6 Qa1+ 0-1

[Event "Pobeskydy ArcelorMittal op"]
[Site "Frydek Mistek"]
[Date "2009.04.11"]
[Round "5"]
[White "Motyka, Michal"]
[Black "Bernasek, Jan"]
[Result "0-1"]
[WhiteElo "2394"]
[BlackElo "2443"]
[PlyCount "102"]
[EventDate "2009.04.09"]
[EventType "swiss"]
[EventRounds "9"]
[EventCountry "CZE"]
[SourceTitle "CBM 129 Extra"]
[Source "ChessBase"]
[SourceDate "2009.05.05"]
[SourceVersion "2"]
[SourceVersionDate "2009.05.20"]
[SourceQuality "1"]

1. e4 c5 2. Nf3 e6 3. d4 cxd4 4. Nxd4 a6 5. Bd3 Bc5 6. Nb3 Ba7 7. Qe2 Nc6 8. Be3 d6 9. 0-0 Nge7 10. N1d2 e5 11. Bxa7 Rxa7 12. a4 0-0 13. c3 Be6 14. Rfd1 Qc7 15. Bc4 d5 16. exd5 Nxd5 17. Nc5 Nf4 18. Qe4 Bg4 19. f3 Bc8 20. Qe3 b6 21. Nce4 Ne7 22. a5 b5 23. Ba2 Nf5 24. Qc5 Qxc5+ 25. Nxc5 Ne3 26. Nde4 Nxd1 27. Rxd1 h6 28. g3 Nh3+ 29. Kg2 Ng5 30. Nd6 Bh3+ 31. Kf2 Be6 32. Bb1 Rd8 33. h4 Nh7 34. Ke2 Nf6 35. Ncb7 Rb8 36. Nc5 Bc4+ 37. Ke3 Rd8 38. Be4 Ne8 39. Nxc4 Rxd1 40. Nxe5 Nd6 41. Bd3 Nb7 42. Be2 Rd5 43. Nc6 Rxc5 44. Nxa7 Rc7 45. Nxb5 axb5 46. a6 Nd6 47. Kd4 Kf8 48. b3 Ke7 49. c4 bxc4 50. bxc4 Nc8 51. c5 Rd7+ 0-1

[Event "Pavia op"]
[Site "Pavia"]
[Date "2009.02.14"]
[Round "2"]
[White "Solodovnichenko, Yuri"]
[Black "Motyka, Michal"]
[Result "1-0"]
[WhiteElo "2571"]
[BlackElo "2390"]
[PlyCount "85"]
[EventDate "2009.02.13"]
[EventType "swiss"]
[EventRounds "5"]
[EventCountry "ITA"]
[SourceTitle "CBM 129 Extra"]
[Source "ChessBase"]
[SourceDate "2009.05.05"]
[SourceVersion "2"]
[SourceVersionDate "2009.05.20"]
[SourceQuality "1"]

1. e4 e5 2. Nf3 Nc6 3. Bb5 a6 4. Ba4 Nf6 5. 0-0 b5 6. Bb3 Bb7 7. c3 Nxe4 8. d4 exd4 9. Re1 Na5 10. Ng5 d5 11. Rxe4+ dxe4 12. Bxf7+ Kd7 13. b4 Nc4 14. Qxd4+ Kc6 15. Qxe4+ Kb6 16. Be3+ c5 17. bxc5+ Ka5 18. Qg4 h5 19. Bxh5 Rxh5 20. Nd2 Qd3 21. Nxc4+ Qxc4 22. Qxh5 Bxc5 23. a4 Bxe3 24. axb5+ Kb6 25. Qg6+ Ka7 26. fxe3 Qxb5 27. Qxg7 Rd8 28. Nf3 Qe2 29. Nd4 Qxe3+ 30. Kh1 Re8 31. Nf3 Ka8 32. Qd4 Qe2 33. Qd1 Qb2 34. Rb1 Qe2 35. Qf1 Qc2 36. Rc1 Qf5 37. Ra1 Re3 38. Rxa6+ Kb8 39. Rb6 Rxc3 40. Rb1 Rc2 41. Rxb7+ Kxb7 42. Qb1+ Kc7 43. Nd4 1-0

[Event "Krakow op-A 19th"]
[Site "Krakow"]
[Date "2008.12.31"]
[Round "6"]
[White "Motyka, Michal"]
[Black "Czerwonski, Aleksander"]
[Result "1-0"]
[WhiteElo "2359"]
[BlackElo "2391"]
[PlyCount "41"]
[EventDate "2008.12.26"]
[EventType "swiss"]
[EventRounds "9"]
[EventCountry "POL"]
[SourceTitle "CBM 128 Extra"]
[Source "ChessBase"]
[SourceDate "2009.03.05"]
[SourceVersion "2"]
[SourceVersionDate "2009.03.25"]
[SourceQuality "1"]

1. e4 e5 2. d4 exd4 3. Qxd4 Nc6 4. Qe3 g6 5. Nc3 Bg7 6. Bd2 Nf6 7. 0-0-0 0-0 8. f3 d5 9. Qe1 dxe4 10. Bg5 Qe7 11. Qh4 Qe6 12. fxe4 Ne5 13. Nge2 Qb6 14. h3 Bd7 15. Nd4 a6 16. Be2 c5 17. Nf3 Nxf3 18. Bxf3 Bb5 19. a4 Bc4 20. e5 Ne8 21. Qxc4 1-0

[Event "Warsaw City-ch"]
[Site "Warsaw"]
[Date "2008.10.04"]
[Round "8"]
[White "Motyka, Michal"]
[Black "Lagowski, Patryk"]
[Result "1-0"]
[WhiteElo "2359"]
[BlackElo "2344"]
[PlyCount "109"]
[EventDate "2008.09.27"]
[EventType "swiss"]
[EventRounds "9"]
[EventCountry "POL"]
[SourceTitle "EXT 2010"]
[Source "ChessBase"]
[SourceDate "2010.11.25"]
[SourceVersion "1"]
[SourceVersionDate "2010.11.25"]
[SourceQuality "1"]

1. e4 e6 2. d4 c5 3. Nf3 cxd4 4. Nxd4 Nf6 5. Bd3 a6 6. 0-0 Qc7 7. Kh1 Bc5 8. Nb3 Be7 9. f4 d6 10. Nc3 Nbd7 11. Qf3 b5 12. Bd2 Bb7 13. Rae1 h5 14. a4 b4 15. Nd1 d5 16. e5 Ne4 17. Bxe4 dxe4 18. Qf2 g6 19. Be3 h4 20. h3 Rc8 21. c3 Bd5 22. Qc2 Qc4 23. Nd2 b3 24. Qb1 Qxa4 25. Nf2 Nc5 26. Bxc5 Bxc5 27. Nfxe4 Be7 28. Qd3 Qb5 29. Qd4 Rd8 30. c4 Qb4 31. Nd6+ Bxd6 32. exd6 0-0 33. Re4 Bxe4 34. Nxe4 f5 35. Nf6+ Rxf6 36. Qxf6 Rxd6 37. Qxg6+ Kf8 38. Qh6+ Ke8 39. Qh5+ Kf8 40. Qh8+ Kf7 41. Qc8 Qb6 42. Qh8 Qd4 43. Qh5+ Kf8 44. Qh6+ Qg7 45. Qxh4 Qxb2 46. c5 Rd7 47. c6 Rg7 48. Rg1 Qc3 49. Qd8+ Kf7 50. c7 Rg8 51. Qd7+ Kf6 52. Qd8+ Kf7 53. Rd1 Re8 54. Rd7+ Kf8 55. Qxe8+ 1-0

[Event "Benidorm op U2300 06th"]
[Site "Benidorm"]
[Date "2007.11.30"]
[Round "1"]
[White "Canovas Pardo, Alberto"]
[Black "Motyka, Michal"]
[Result "0-1"]
[WhiteElo "2137"]
[BlackElo "2290"]
[PlyCount "54"]
[EventDate "2007.11.30"]
[EventType "swiss"]
[EventRounds "9"]
[EventCountry "ESP"]
[SourceTitle "CBM 121 Extra"]
[Source "ChessBase"]
[SourceDate "2008.01.10"]
[SourceVersion "1"]
[SourceVersionDate "2008.01.10"]
[SourceQuality "1"]

1. d4 d5 2. Nf3 Nf6 3. c4 dxc4 4. Nc3 a6 5. a4 e6 6. e3 b6 7. Bxc4 Bb7 8. 0-0 c5 9. Qe2 Nc6 10. Rd1 Qc7 11. b3 Na5 12. Bb2 Nxc4 13. bxc4 cxd4 14. exd4 Rc8 15. Ne5 Bd6 16. Rac1 0-0 17. f4 Rfd8 18. Kh1 Qb8 19. Rd3 Qa8 20. Re3 Bf8 21. Rd1 Rc7 22. f5 exf5 23. d5 f4 24. Rf3 Re8 25. Rxf4 Bd6 26. Rxf6 Bxe5 27. Qg4 Bxf6 0-1

[Event "POL-chT U19 38th"]
[Site "Szklarska Poreba"]
[Date "2007.07.07"]
[Round "8"]
[White "Motyka, Michal"]
[Black "Tofil, Borys"]
[Result "1/2-1/2"]
[WhiteElo "2350"]
[BlackElo "2148"]
[PlyCount "130"]
[EventDate "2007.07.02"]
[EventType "team-tourn"]
[EventRounds "11"]
[EventCountry "POL"]
[SourceTitle "EXT 2010"]
[Source "ChessBase"]
[SourceDate "2010.11.25"]
[SourceVersion "1"]
[SourceVersionDate "2010.11.25"]
[SourceQuality "1"]
[WhiteTeam "Jaworzno JKSz MCKiS U19"]
[BlackTeam "Solny Zieleniewo U19"]
[WhiteTeamCountry "POL"]
[BlackTeamCountry "POL"]

1. e4 c6 2. d4 d5 3. e5 Bf5 4. Nf3 e6 5. Be2 c5 6. dxc5 Bxc5 7. 0-0 Nc6 8. a3 Nge7 9. b4 Bb6 10. Bb2 0-0 11. Nbd2 Ng6 12. Re1 Qb8 13. Bb5 Bc7 14. Bxc6 bxc6 15. h3 Ne7 16. Bd4 a5 17. Bc5 Re8 18. c3 Bb6 19. Bxb6 Qxb6 20. Nb3 axb4 21. axb4 Qb5 22. Qd4 Be4 23. Nfd2 Nf5 24. Qc5 Bc2 25. Qxb5 cxb5 26. g4 Ne7 27. Nd4 Ba4 28. Kg2 Rec8 29. Re3 Ng6 30. Kg3 Nf8 31. f4 Rc7 32. Rf1 Nd7 33. Nb1 g6 34. h4 Nf8 35. Na3 Rb8 36. Rh1 Rbb7 37. h5 Rb6 38. Kh4 Kg7 39. f5 Rb8 40. Rf1 exf5 41. gxf5 Rb6 42. Ref3 g5+ 43. Kxg5 f6+ 44. exf6+ Rxf6 45. Naxb5 Re7 46. h6+ Kf7 47. Kh5 Bxb5 48. Nxb5 Re2 49. Rh1 Nd7 50. Nd4 Rg2 51. Re3 Ra6 52. Rhe1 Nf6+ 53. Kh4 Ne4 54. Ne6 Raa2 55. Nf4 Rg8 56. Rxe4 Rh2+ 57. Nh3 dxe4 58. Rxe4 Kf6 59. Rf4 Rg5 60. Rc4 Rxf5 61. Kg3 Re2 62. Rc6+ Ke5 63. Rc5+ Kf6 64. Rc6+ Ke5 65. Rc5+ Kf6 1/2-1/2

[Event "POL-chT U19 38th"]
[Site "Szklarska Poreba"]
[Date "2007.07.03"]
[Round "3"]
[White "Motyka, Michal"]
[Black "Bajerlein, Dawid"]
[Result "1-0"]
[WhiteElo "2350"]
[BlackElo "1959"]
[PlyCount "109"]
[EventDate "2007.07.02"]
[EventType "team-tourn"]
[EventRounds "11"]
[EventCountry "POL"]
[SourceTitle "EXT 2010"]
[Source "ChessBase"]
[SourceDate "2010.11.25"]
[SourceVersion "1"]
[SourceVersionDate "2010.11.25"]
[SourceQuality "1"]
[WhiteTeam "Jaworzno JKSz MCKiS U19"]
[BlackTeam "Poznan Pocztowiec U19"]
[WhiteTeamCountry "POL"]
[BlackTeamCountry "POL"]

1. e4 c6 2. d4 d5 3. e5 Bf5 4. Nf3 e6 5. a3 Nd7 6. Be2 Bg6 7. 0-0 Nh6 8. Re1 Be7 9. b3 Nf5 10. c4 0-0 11. Nc3 f6 12. Bb2 fxe5 13. dxe5 a6 14. b4 Qe8 15. cxd5 cxd5 16. Nd4 Qf7 17. Nxd5 exd5 18. e6 Qe8 19. exd7 Qxd7 20. Bf3 Rad8 21. Ne6 Nh4 22. Bg4 Bf5 23. Bxf5 Rxf5 24. Nxd8 Bxd8 25. Re5 Bc7 26. Rxf5 Qxf5 27. Qe2 Qg6 28. g3 Bb6 29. Re1 Nf5 30. Qe8+ Qxe8 31. Rxe8+ Kf7 32. Re5 Ne7 33. Kf1 Bc7 34. Re1 g6 35. Ke2 b5 36. Kd3 Bb6 37. Bd4 Bc7 38. Bc5 Nc6 39. f4 Bd8 40. a4 h5 41. axb5 axb5 42. Ra1 Ke6 43. h3 Bf6 44. Ra6 Kd7 45. Rb6 Bd8 46. Rxb5 Bc7 47. Be3 Bd6 48. Bc5 Bc7 49. Bf8 Ke8 50. Rb7 Kd7 51. b5 Nd8 52. Ra7 Kc8 53. Ra6 h4 54. gxh4 Bxf4 55. Rxg6 1-0

[Event "POL-ch U18"]
[Site "Leba"]
[Date "2007.04.01"]
[Round "11"]
[White "Motyka, Michal"]
[Black "Warakomski, Tomasz"]
[Result "1/2-1/2"]
[WhiteElo "2350"]
[BlackElo "2486"]
[PlyCount "72"]
[EventDate "2007.03.24"]
[EventType "swiss"]
[EventRounds "11"]
[EventCountry "POL"]
[SourceTitle "EXT 2011"]
[Source "ChessBase"]
[SourceDate "2010.11.26"]
[SourceVersion "1"]
[SourceVersionDate "2010.11.26"]
[SourceQuality "1"]

1. e4 e5 2. Nf3 Nc6 3. Bc4 Bc5 4. c3 Nf6 5. d3 a6 6. Bb3 Ba7 7. 0-0 d6 8. Nbd2 0-0 9. h3 Nd7 10. Bc2 Re8 11. Re1 Nf8 12. Nb3 Ne7 13. Be3 Bxe3 14. fxe3 Neg6 15. Rf1 b6 16. Qe1 Nd7 17. Qf2 Bb7 18. Nbd2 Qe7 19. a3 c6 20. Rae1 Nf6 21. Nh4 Nxh4 22. Qxh4 d5 23. g4 Nd7 24. Qh5 h6 25. Nf3 Nf6 26. Qh4 Nh7 27. Qg3 dxe4 28. dxe4 c5 29. Nh4 Ng5 30. Nf5 Qf8 31. Qg2 g6 32. Ng3 c4 33. h4 Ne6 34. b4 Qe7 35. Qh3 Rad8 36. Re2 Bc8 1/2-1/2

[Event "POL-ch U18"]
[Site "Leba"]
[Date "2007.03.25"]
[Round "3"]
[White "Gluszko, Tomasz"]
[Black "Motyka, Michal"]
[Result "1/2-1/2"]
[WhiteElo "2050"]
[BlackElo "2350"]
[PlyCount "37"]
[EventDate "2007.03.24"]
[EventType "swiss"]
[EventRounds "11"]
[EventCountry "POL"]
[SourceTitle "EXT 2011"]
[Source "ChessBase"]
[SourceDate "2010.11.26"]
[SourceVersion "1"]
[SourceVersionDate "2010.11.26"]
[SourceQuality "1"]

1. d4 Nf6 2. c4 e6 3. Nf3 d5 4. Nc3 Be7 5. Bg5 0-0 6. cxd5 exd5 7. e3 c6 8. Bd3 Nbd7 9. 0-0 Ne4 10. Bxe7 Qxe7 11. Qc2 f5 12. Rab1 a6 13. b4 Qd6 14. Na4 b5 15. Nc5 Ndxc5 16. bxc5 Qh6 17. Ne5 a5 18. f4 Qe6 19. Bxe4 1/2-1/2